Changing the economic system in Russia (Бичлэгийн дугаар. 146812)
| 000 -УДИРДЛАГА | |
|---|---|
| Удирдлага | 00754nam a22002537a 4500 |
| 003 - ХЯНАЛТЫН ТОО ТОДОРХОЙЛОГЧ | |
| Код | MN-UlNUM |
| 005 - БИЧИЛТ ХИЙСЭН ОГНОО | |
| Тухайн бичилтийг бичсэн засварласан сүүлийн огноо | 20260401152723.0 |
| 008 - ЕРӨНХИЙ МЭДЭЭЛЭЛ | |
| Ерөнхий мэдээлэл | 260401s1993 nyua b 001 0 eng |
| 020 ## - ISBN | |
| ISBN | 0312095813 |
| -- | 0312095819 |
| 040 ## - БИЧЛЭГ ҮҮСГЭГЧ БАЙГУУЛЛАГА | |
| Бичлэг үүсгэгч номын сангийн код | МУИС-ийн номын сан |
| 084 ## - ББК АНГИЛАЛ | |
| Нэмэлт тусгалт | Нэг сэдэвт бүтээл |
| ББК ангилал | 65.9(2) |
| Зохиогчийн гурван тэмдэгт | C 45 |
| Мэдлэгийн ялгаа | 65 - Эдийн засаг |
| 245 ## - ҮНДСЭН ГАРЧИГ | |
| Номын нэр | Changing the economic system in Russia |
| Оролцогчдын тухай мэдээ | edited by Anders Åslund and Richard Layard |
| 260 ## - ГАРАЛТЫН МЭДЭЭ | |
| Хэвлэгдсэн газар | New York |
| Хэвлэлийн газар | St. Martin's Press |
| Хэвлэгдсэн он | 1993 |
| 300 ## - МАТЕРИАЛЫН ТОДОРХОЙЛОЛТ | |
| хуудасны тоо | xviii, 237 p. : |
| Бусад тоон мэдээлэл | ill. ; |
| Хэмжээ | 24 cm |
| 500 ## - Тайлбар | |
| Дансны дугаар | БС 4435 |
| 546 ## - ХЭЛНИЙ ТУХАЙ МЭДЭЭ | |
| Хэл | Англи хэл дээр, |
| 653 ## - Түлхүүр үг | |
| Түлхүүр үг | economic policy |
| 653 ## - Түлхүүр үг | |
| Түлхүүр үг | economic conditions |
| 700 ## - ХАМ ЗОХИОГЧИД | |
| Ба бус | Åslund, Anders |
| 700 ## - ХАМ ЗОХИОГЧИД | |
| Ба бус | Layard, P. R. G |
| 942 ## - ЭЛЕМЕНТИЙН ТӨРӨЛ | |
| Зүйлийн төрөл | Ном |
